| 000 | 00728nam a2200253 u 4500 | ||
|---|---|---|---|
| 005 | 20240831063735.0 | ||
| 008 | 100521s2000 r 000 0 eng d | ||
| 020 | _a8439284543 | ||
| 035 | _aUPN01000176026 | ||
| 040 |
_aUPN _bspa _cUPN |
||
| 049 | _aI | ||
| 050 | 4 |
_aPZ78 _bF3.8 |
|
| 100 | 1 |
_aFarias, Juan, _d1935- _930834 |
|
| 245 | 1 | 3 |
_aEl último lobo / _cJuan Farias ; il. Irene Fra Gálvez. |
| 260 |
_aMadrid : _bGaviota, _c2000. |
||
| 300 |
_a81 p. : _bil. col. |
||
| 440 | 0 | _aGaviota junior | |
| 650 | 4 |
_aCuentos infantiles españoles _97725 |
|
| 650 | 4 |
_aLibros y lectura para niños _92290 |
|
| 700 | 1 |
_aFra, Irene, _d1971- _eilustradora _946420 |
|
| 905 | _aLibro | ||
| 942 |
_2lcc _cLIBRO |
||
| 999 |
_c148129 _d148129 |
||